000 00313pab a2200133 454500
008 180718b xxu||||| |||| 00| 0 eng d
100 _aBurke, Marc
245 _aCop culture and homosexuality
650 _a Homosexuality
650 _a Cop Culture
650 _aPolice
773 _aPolice Journal
909 _a22308
999 _c22308
_d22308